Statistics for African Countries Ending In 'A'

Click here to take the quiz!

General Stats

  • This quiz has been taken 44 times
  • The average score is 20 of 22

Answer Stats

Answer% Correct
Algeria
100%
Angola
100%
Rwanda
100%
Ethiopia
98%
Ghana
95%
Kenya
95%
Namibia
95%
Somalia
95%
South Africa
95%
Uganda
95%
Eritrea
93%
Tanzania
93%
Tunisia
93%
Zambia
93%
Botswana
91%
Nigeria
91%
Guinea
88%
Liberia
88%
Mauritania
88%
The Gambia
88%
Libya
86%
Equatorial Guinea
84%

Score Distribution

Percentile by Number Answered

Percent of People with Each Score

Your Score History

You have not taken this quiz